Introducción a la macroeconomía: un enfoque integral para México (Registro nro. 12111)
[ vista simple ]
| 000 -CABECERA | |
|---|---|
| campo de control de longitud fija | 01420nam a22005057a 4500 |
| 005 - FECHA Y HORA DE ACTUALIZACIÓN | |
| campo de control | 20230825122939.0 |
| 008 - LONGITUD FIJA | |
| campo de control de longitud fija | 190621b2008 xxu||||| |||| 00| 0 spa d |
| 020 ## - INTERNATIONAL STANDARD BOOK NUMBER | |
| Número Internacional Estándar del Libro | 9789708170079 |
| 041 ## - IDIOMA | |
| Código de idioma del texto/pista de sonido o título separado | Español |
| 082 ## - CLASIFICACIÓN DECIMAL DEWEY | |
| Número de clasificación | 339 C965i |
| 100 ## - AUTOR PERSONAL | |
| Nombre de persona | Cue Mancera, Agustín |
| 100 ## - AUTOR PERSONAL | |
| Nombre de persona | Quintana Romero, Luis |
| 245 ## - TÍTULO PROPIAMENTE DICHO | |
| Título | Introducción a la macroeconomía: un enfoque integral para México |
| 260 ## - PIE DE IMPRENTA | |
| Lugar de publicación, distribución, etc. | México |
| 260 ## - PIE DE IMPRENTA | |
| Nombre del editor, distribuidor, etc. | Grupo Editorial Patria |
| 260 ## - PIE DE IMPRENTA | |
| Fecha de publicación, distribución, etc. | 2009 |
| 300 ## - DESCRIPCIÓN FÍSICA | |
| Extensión | 326 páginas |
| 650 ## - Materia General | |
| Materia general | MACROECONOMÍA |
| 650 ## - Materia General | |
| Materia general | ECONOMÍA |
| 650 ## - Materia General | |
| Materia general | PREMIOS NOBEL |
| 650 ## - Materia General | |
| Materia general | POLÍTICA ECONÓMICA |
| 650 ## - Materia General | |
| Materia general | MÉXICO |
| 650 ## - Materia General | |
| Materia general | ESCASEZ |
| 650 ## - Materia General | |
| Materia general | SISTEMA ECONÓMICO |
| 650 ## - Materia General | |
| Materia general | PIB |
| 650 ## - Materia General | |
| Materia general | INVERSIÓN |
| 650 ## - Materia General | |
| Materia general | AHORRO |
| 650 ## - Materia General | |
| Materia general | LARGO PLAZO |
| 650 ## - Materia General | |
| Materia general | DINERO |
| 650 ## - Materia General | |
| Materia general | BANCOS |
| 650 ## - Materia General | |
| Materia general | CRECIMIENTO ECONÓMICO |
| 650 ## - Materia General | |
| Materia general | CICLO ECONÓMICO |
| 650 ## - Materia General | |
| Materia general | EMPLEO |
| 650 ## - Materia General | |
| Materia general | POLÍTICA FISCAL |
| 650 ## - Materia General | |
| Materia general | POLÍTICA MONETARIA |
| 650 ## - Materia General | |
| Materia general | IMPUESTO SOBRE LA RENTA |
| 650 ## - Materia General | |
| Materia general | ECONOMÍA INTERNACIONAL |
| 650 ## - Materia General | |
| Materia general | TIPO DE CAMBIO |
| 650 ## - Materia General | |
| Materia general | LENGUAJE DE ECONOMÍA |
| 650 ## - Materia General | |
| Materia general | MULTIPLICADOR KEYNESIANO |
| 650 ## - Materia General | |
| Materia general | FALLAS DE GOBIERNO |
| 650 ## - Materia General | |
| Materia general | ARBITRAJE DE DIVISAS |
| 692 ## - Carreras | |
| Carrera | Dirección y Administración de Empresas |
| 942 ## - Punto de Acceso Adicional Koha | |
| Tipo de ítem Koha | Libro |
| Estado perdido | Estado dañado | No para préstamo | Biblioteca permanente | Biblioteca actual | Signatura completa | Código de barras | Precio efectivo a partir del | Programa Académico | Tipo de ítem |
|---|---|---|---|---|---|---|---|---|---|
| Departamento de Biblioteca y Documentación Alfonso Chase Brenes | Departamento de Biblioteca y Documentación Alfonso Chase Brenes | 339 C965i | 17072 | 21/06/2019 | Dirección y Administración de Empresas | Libro |